Recent Advances in Coupled-Cluster Methods /

Salvato in:
Dettagli Bibliografici
Autore principale: Bartlett, Rodney J. (Autore)
Natura: Libro
Lingua:inglese
Pubblicazione: Singapore : World Scientific Publishing Co.Pte.Ltd, 1997
Serie:Recent Advances in Computational Chemistry, Vol.3
Tags: Aggiungi Tag
Nessun Tag, puoi essere il primo ad aggiungerne!!

MARC

LEADER 00000nam a22000003a 4500
001 stu24750
005 20150617225742.0
008 980115s1997----my------------------eng-d
020 |a 981-02-3112-1 
040 |a STU  |b slo 
041 0 |a eng 
044 |a my 
080 |a 530.145 
100 1 |a Bartlett, Rodney J.  |4 aut 
245 1 |a Recent Advances in Coupled-Cluster Methods /  |c [aut.]Bartlett,Rodney J 
260 |a Singapore :  |b World Scientific Publishing Co.Pte.Ltd,  |c 1997 
300 |a 330 s :  |b Tab.,grafy,lit.,index 
830 0 |a Recent Advances in Computational Chemistry, Vol.3 
996 |b C95197  |c C*95197  |l CCV  |s P  |a 0  |w stu24750_0001